Answers Are Numbers Quiz - Statistics

General Stats
  • This quiz has been taken 105 times
    102 since last reset
  • The average score is 15 of 27
Answer Stats
Hint Number % Correct
The unluckiest number 13
96%
This number is also known as zilch and nada 0
93%
Famous lucky number 7
91%
Number of days of Christmas in famous carol 12
90%
Name the 3 digit Emergency Response Number in the U.S., U.K., or Vanuatu 911 / 999 / 112
89%
When you are happy, you are on cloud... 9
70%
Pi π 3.14
67%
The temperature water freezes 32 degrees Fahrenheit, 0 degrees Celsius, 273.15 Kelvin
67%
Number of dwarves living with Snow White 7
67%
Biblical number of the Beast 666
57%
Number of circles in hell according to Dante's Divine Comedy 9
57%
The residence number of the Prime Minister of the U.K. 10 Downing Street
56%
Number of teeth in the average adult mouth 32
52%
Number of countries ending in -stan 7
48%
A google is the digit 1 followed by how many zeros? 100
46%
Number of bones in the average human body 206
44%
Approximate world population (round up) 7.7 Billion
44%
Number of African countries according to Jetpunk 54
43%
Number of countries in the world according to Jetpunk 196
41%
Number of South American countries according to Jetpunk 14
39%
Number of Major League Baseball teams 30
38%
Number of Central American countries according to Jetpunk 7
37%
Number of North American countries according to Jetpunk 23
35%
The residence number of the President of the U.S.A. 1600 Pennsylvania Ave
30%
Average adult body temperature 98.6 F / 36.2°C
28%
Number of European countries according to Jetpunk 45
27%
Number of Asian countries according to Jetpunk 48
21%
No matching quizzes found
Score Distribution
Percent of People with Each Score
Percentile by Number Answered
Your Score History
You have not taken this quiz since the last reset